000 00398nam a22001697a 4500
003 OSt
020 _a8122414354
040 _cAcc: 8893
082 _222
_a691
100 _aDuggal, S. K.
245 _aBuilding materials /
250 _a2nd.
260 _aNew Delhi,
_bNew Age International,
_cc2007.
300 _axvi, 535 p. ;
_bill. ;
_c24 cm.
942 _2ddc
_cCIVIL
_029
999 _c1870
_d1870
999 _c2028
_d2028